Física / Marcelo Alonzo (Registro nro. 12986)

Detalles MARC
000 -LIDER
fixed length control field 00750nam a22002417a 4500
003 - IDENTIFICACDOR DE NÚMERO DE CONTROL
control field DO-SdBPM
005 - DATE AND TIME OF LATEST TRANSACTION
control field 20250609084602.0
008 - ELEMENTOS DE LONGITUD FIJA
fixed length control field 171121b1976 ck 00| 0 spa d
040 ## - FUENTE DE CATALOGACIÓN
Agencia que crea de manera original el registro DO-SdBPM
Idioma de catalogación spa
Agencia que realiza la transcripción BPMSU
082 #4 - NÚMERO DE CLASIFICACIÓN DECIMAL DE DEWEY
Classification number 530.12
Item number A454f 1971
Edition number 22
100 1# - ASIENTO PRINCIPAL -- NOMBRE PERSONAL
Nombre personal Alonso, Marcelo
245 10 - MENCIÓN DE TITULO
Título Física / Marcelo Alonzo
250 ## - MENCIÓN DE EDICION
Mención de edición edición rev. y aum.
260 ## - PUBLICACIÓN, DISTRIBUCIÓN, ETC. (PIE DE IMPRENTA)
Lugar de publicación, distribución, etc Bogotá :
Nombre del editor, distribuidor, etc. Fondo Educativo Interamericano
Fecha de publicación, distribución, etc 1976
300 ## - DESCRIPCIÓN FÍSICA
Extensión 626 p. :
Otros detalles físicos il. :
Dimensiones 23 cm
505 0# - NOTA DE CONTENIDO
Texto normalizado de contenido V. 3 : Fundamentos cuánticos y estadísticos
590 ## - NOTA LOCAL
Texto de la nota local Inventariado, 2025/VM
650 #4 - ENCABEZAMIENTO DE MATERIA--TEMÁTICO
Término temático o nombre geográfico como elemento de entrada Física
Subdivisión temática general Cuántica
650 #4 - ENCABEZAMIENTO DE MATERIA--TEMÁTICO
Término temático o nombre geográfico como elemento de entrada Física fundamentos estadísticos
700 1# - ASIENTO SECUNDARIO -- NOMBRE PERSONAL
Nombre personal J. Finn, Edward
Mención de responsabilidad autor
910 ## - VALIDACIÓN
Validación VMateo V. Control de caldiad. BPMSU
942 ## - ADDED ENTRY ELEMENTS (KOHA)
Source of classification or shelving scheme Dewey Decimal Classification
Koha item type Libros
Existencias
Withdrawn status Lost status Source of classification or shelving scheme Damaged status Not for loan Collection code Home library Current library Date acquired Source of acquisition Total Checkouts Full call number Barcode Date last seen Price effective from Koha item type
    Dewey Decimal Classification     Colección General Biblioteca Pública Metropolitana Salomé Ureña Biblioteca Pública Metropolitana Salomé Ureña 11/21/2017   BPMSU CG 530.12 A454f 1971 BPMSU17110299 11/21/2017 11/21/2017 Libros